[Event "BL 2016-17"]
[Site "Germany"]
[Date "2017.02.18"]
[Round "7.2"]
[White "Meskovs, Nikita"]
[Black "Burg, Twan"]
[Result "1-0"]
[WhiteElo "2490"]
[BlackElo "2508"]
[Annotator "TA"]
[PlyCount "113"]
[EventDate "2017.??.??"]
[EventType "team-tourn"]
[EventCountry "GER"]
[SourceTitle "playchess.com"]
[Source "ChessBase"]
[SourceQuality "1"]
[WhiteTeam "Speyer-Schwegenheim"]
[BlackTeam "Aufwärts Aachen"]

{[%evp 12,112,0,0,0,0,0,0,0,-8,-7,-18,-12,-30,-28,-30,12,-8,0,-21,-15,-24,-22,-21,-16,-24,0,-29,-22,-35,-22,-41,-37,-61,-58,-96,-93,-101,-52,-117,-117,-113,-112,-123,-51,-39,-42,-48,0,0,0,0,0,0,0,0,130,119,104,57,200,207,721,668,684,546,1021,379,391,267,239,234,234,217,273,250,871,855,733,417,417,394,1314,3944,3944,1498,2608,2347,6588,6012,5722,5491,5471,4703,5374,436,29971,7152,7152,5387,29998,29999,29999]} 1. d4 Nf6 2. c4 e6 3. Nf3 d5 4. g3 Bb4+ 5. Bd2 Be7 6. Bg2 c6 7. Qc2 O-O 8. O-O Nbd7 9. b3 b6 10. Nc3 Ba6 11. e4 dxc4 12. Rfd1 cxb3 13. axb3 Qc8 14. Bf4 Re8 15. Ne5 Nxe5 16. dxe5 Nh5 17. Be3 {aiming for g4.} g6 $1 18. f4 Ng7 19. g4 Rd8 20. f5 {Threatening f6.} Ne8 21. Rxd8 Bxd8 22. fxe6 fxe6 23. Qf2 {Strongly threatening Bf1.} Be7 24. g5 Ng7 (24... Nc7 $17 25. h4 Qf8 26. Qxf8+ Kxf8) 25. Bh3 (25. Qc2 $15) 25... Qd7 $17 26. Qe1 Bb7 27. Nd1 {[%cal Bc3d1,Bd1f2,Bf2g4,Bg4h6][%mdl 32]} Qd3 (27... c5 $17 28. Nf2 Qc6) 28. Nf2 $1 $15 Qxb3 {And now ...Bb4 would win.} 29. Ng4 Nh5 (29... Kh8 $15 {might be stronger.} 30. Qd1 Qc3) 30. Rd1 $11 {Rd7 is the strong threat.} Bb4 31. Nh6+ Kh8 {[#]} 32. Bxe6 $1 {[%mdl 512]} Qc2 (32... Qxe6 33. Qxb4) 33. Qf1 {[#]} Qxe4 (33... Ba6 $1 $11 {[%mdl 512] remains equal.} 34. Rd7 (34. Qxa6 Qxd1+) 34... Bxf1 35. Nf7+ Kg8 36. Nd6+ Kh8 37. Nf7+ Kg7 38. Nd6+ Kh8 39. Nf7+) 34. Qd3 $1 $36 {[%mdl 2048] White is really pushing.} Qxd3 35. Rxd3 {Threatens to win with Rd7.} Ng7 {[#]} ({Better is} 35... Bf8 $14) 36. Ba2 $1 $18 Nf5 $2 (36... Ba6 37. Rd7 Rf8 38. Nf7+ Kg8) 37. Nxf5 gxf5 38. Rd7 Ba6 {intending ...c5.} 39. g6 $2 (39. e6 c5 40. e7) 39... hxg6 40. Bg5 {[%cal Rg5f6]} Rf8 {[#]} 41. Bf6+ $1 ({Less strong is} 41. Rxa7 Bc5+ 42. Kg2 Bc4 43. Bxc4 b5 $14) 41... Rxf6 42. exf6 {[%mdl 4096] Endgame KRB-KB} Bb5 43. Rxa7 g5 $2 (43... Bd3 44. Ra8+ Kh7) 44. Bb1 Kg8 45. Bxf5 {Intending Be6+ and mate.} Bc4 46. Bh7+ Kf8 $2 (46... Kh8 47. Bg6 Kg8) 47. Bg6 {[%cal Ra7a8]} Kg8 48. Kg2 (48. Kf2 $142 Bd5 49. Ke3) 48... Bf8 49. Kf3 Be6 50. Ke4 Bd6 51. Ra8+ Bf8 52. Ke5 Bd5 53. Ra7 (53. Bf5 $142 {White threatens Be6+ and mate.} Kf7 54. Ra7+ Kg8 55. Rc7) 53... g4 (53... b5 $18 54. Rh7 g4 55. f7+ Bxf7) 54. Bh7+ Kh8 55. Bf5 Bf3 56. Rh7+ Kg8 57. f7# 1-0

[Event "BL 2016-17"]
[Site "Germany"]
[Date "2017.02.18"]
[Round "7.3"]
[White "Parligras, Mircea-Emilian"]
[Black "Bacrot, Etienne"]
[Result "1/2-1/2"]
[WhiteElo "2603"]
[BlackElo "2695"]
[Annotator "TA"]
[PlyCount "81"]
[EventDate "2017.??.??"]
[EventType "team-tourn"]
[EventCountry "GER"]
[SourceTitle "playchess.com"]
[Source "ChessBase"]
[SourceQuality "1"]
[WhiteTeam "SG Trier"]
[BlackTeam "Baden-Baden"]

{[%evp 12,81,39,33,41,29,34,26,27,27,56,52,62,53,57,13,16,14,18,18,16,13,19,15,21,15,20,7,15,6,34,26,57,11,18,24,10,11,11,11,20,9,45,55,59,53,52,30,25,19,33,30,24,0,0,0,0,0,0,0,0,0,0,0,0,0,0,0,0,0,0,0]} 1. d4 Nf6 2. c4 g6 3. Nc3 {??.} Bg7 4. e4 d6 5. Nf3 O-O 6. h3 e5 7. d5 a5 8. Bg5 Nbd7 9. Be2 Nc5 10. Nd2 c6 11. Nb3 Na6 12. O-O Bd7 13. dxc6 Bxc6 14. Nd5 Bxd5 15. cxd5 h6 16. Bxf6 Bxf6 17. Bxa6 Rxa6 ({Of course not} 17... bxa6 18. Rc1 $16) 18. Rc1 Bg5 19. Rc2 h5 20. Qd3 Qb6 21. Nd2 Raa8 22. Rd1 (22. Nc4 $14 {might be stronger.} Qa6 23. a4) 22... Bxd2 23. Qxd2 Rfc8 24. Rdc1 Rxc2 25. Rxc2 $11 {[%mdl 4096] Endgame KQR-KQR} Kg7 26. Rc4 h4 27. Qc3 Qb5 28. Rc7 Rf8 29. b3 Qe2 30. Qc2 Qe1+ 31. Kh2 b5 32. Rd7 a4 $1 {The position is equal.} 33. bxa4 ({Much weaker is} 33. Rxd6 axb3 34. Qxb3 Qxf2 35. Qxb5 Qf4+ 36. Kh1 Qxe4 $15) 33... bxa4 34. Rb7 ({Wrong is} 34. Rxd6 $2 Rb8 35. Rd7 Rb1 36. Rxf7+ Kh6 37. Qxb1 Qxb1 $19) 34... Ra8 35. a3 Rf8 36. Rb4 Ra8 37. Rb7 Rf8 38. Rb6 Rd8 39. Rb2 Qa1 {Strongly threatening ...Rc8!} 40. Rb4 Qe1 41. Rb7 1/2-1/2

[Event "BL 2016-17"]
[Site "Germany"]
[Date "2017.02.18"]
[Round "7.3"]
[White "Hoffmann, Michael"]
[Black "Kovacs, Gabor"]
[Result "0-1"]
[WhiteElo "2465"]
[BlackElo "2457"]
[Annotator "TA"]
[PlyCount "94"]
[EventDate "2017.??.??"]
[EventType "team-tourn"]
[EventCountry "GER"]
[SourceTitle "playchess.com"]
[Source "ChessBase"]
[SourceQuality "1"]
[WhiteTeam "Aufwärts Aachen"]
[BlackTeam "Speyer-Schwegenheim"]

{[%evp 16,94,29,4,0,-8,-1,-10,0,-36,-26,-24,-39,-20,-24,-138,-56,-52,-40,-56,-41,-41,-16,-14,-5,-21,-12,-84,0,0,7,0,14,14,22,20,29,20,90,93,95,56,68,70,89,65,110,110,110,110,110,114,112,102,110,104,100,97,91,-177,-187,-180,-184,-172,-158,-224,-224,-223,-219,-186,-200,-233,-218,-222,-187,-163,-144,-254,-254,-426,-398]} 1. c4 e6 2. g3 d5 3. Bg2 Nf6 4. Nf3 Be7 5. d4 O-O 6. O-O dxc4 7. Ne5 Qd6 8. Nxc4 Qa6 9. Qb3 {LiveBook: 4 Games} Nc6 10. e3 b5 11. Ne5 {The position is equal.} Bb7 12. a4 b4 13. Nxc6 Bxc6 14. Bxc6 Qxc6 15. Bd2 (15. Nd2 $11) 15... Rfc8 (15... Rfd8 $17 16. Rc1 Qf3) 16. Rc1 $15 ({Wrong is} 16. Bxb4 $2 Qb7 17. Na3 a5 $19) 16... Qf3 {Strongly threatening ...Ne4.} 17. Be1 c5 18. dxc5 Bxc5 19. Nd2 Qh5 20. Kg2 Bf8 21. Qd3 (21. Qd1 $11 {remains equal.}) 21... Qe5 (21... Rd8 $17 22. Qc2 Nd7) 22. Nc4 $11 Qc5 23. e4 Rd8 24. Qe2 Qc6 25. f3 Qa6 26. b3 $36 {[%mdl 2048] Black is under pressure.} Bc5 (26... Nd7 $11) 27. Ra2 $16 Rac8 28. Rd1 Rxd1 29. Qxd1 Be7 30. Bf2 Rd8 31. Rd2 Rxd2 32. Qxd2 ({Resist} 32. Nxd2 Qd3 $11) 32... Qb7 33. Qd4 {Threatens to win with Na5.} a6 34. Na5 Qc7 35. Qb6 Qxb6 36. Bxb6 {[%mdl 4096] Endgame KBN-KBN} Nd7 37. Nc6 $2 {[%mdl 8192]} (37. Be3 $16) 37... Nxb6 $19 38. Nxe7+ {KN-KN} Kf8 39. Nc6 {[#]} Nxa4 $1 {[%mdl 512]} 40. Nxb4 (40. Na5 $17 Nc5 41. Kg1) (40. bxa4 b3) 40... Nc5 41. Kf2 a5 {[%cal Ba6a5,Ba5a4,Ba4a3][%mdl 32]} ({Not} 41... Nxb3 42. Nxa6 Ke7 43. Nb4 $11) 42. Nc2 Nxb3 43. Ke3 Ke7 44. Kd3 Kd6 45. Kc3 a4 46. Kb4 (46. Ne1 $17 {was necessary.}) 46... Nd2 47. Nd4 $2 {[#]} (47. f4) 47... a3 $1 {[%mdl 512]} 0-1

[Event "BL 2016-17"]
[Site "Germany"]
[Date "2017.02.18"]
[Round "7.4"]
[White "Shirov, Alexei"]
[Black "Gledura, Benjamin"]
[Result "0-1"]
[WhiteElo "2678"]
[BlackElo "2583"]
[Annotator "TA"]
[PlyCount "66"]
[EventDate "2017.??.??"]
[EventType "team-tourn"]
[EventCountry "GER"]
[SourceTitle "playchess.com"]
[Source "ChessBase"]
[SourceQuality "1"]
[WhiteTeam "Baden-Baden"]
[BlackTeam "SG Trier"]

{[%evp 25,66,7,13,4,4,-1,-1,-1,-1,-1,-1,-1,-12,-12,-12,-10,-8,-13,0,0,0,-13,0,-16,-6,-29,-26,-24,-24,-68,-56,-56,-56,-400,-387,-408,-408,-500,-479,-793,-802,-1121,-1203]} 1. e4 e5 2. Nf3 Nc6 3. Bb5 {[%cal Bf1b5,Bb5a4,Ba4b3,Bb3a2][%mdl 32]} a6 4. Ba4 Nf6 5. O-O Be7 6. Re1 b5 7. Bb3 O-O 8. a4 Bb7 9. d3 d6 10. Nbd2 Na5 11. Ba2 c5 12. Nf1 b4 13. Bg5 Rb8 {LiveBook: 3 Games} 14. N3d2 Nd5 15. Bxe7 Nxe7 {The position is equal.} 16. Ne3 Bc8 17. Qh5 Be6 18. Bxe6 fxe6 19. Nec4 Nxc4 20. Nxc4 Nc6 {[%cal Be7c6,Bc6d4,Bd4b3,Bb3d2,Bd2b1,Bb1c3][%mdl 32]} 21. Re3 Nd4 22. Rh3 {[#] Hoping for c3.} h6 23. Ne3 Qe8 24. Qd1 Rb7 25. c3 bxc3 26. bxc3 Nb3 $36 {[%mdl 2048] Black has good play.} 27. Rb1 Qxa4 28. Qg4 Kh8 {White must now prevent ...Qa2.} 29. Qh5 $2 {[%mdl 8192] [#]} ({Don't take} 29. Qxe6 $2 Nd4 30. Rxh6+ gxh6 $19) (29. Rf1 $15) 29... Qa2 $1 $19 {[%csl LRb1,LRf2]} 30. Rf1 Nd2 31. Rd1 Nb1 {Black is clearly winning.} 32. Rf1 (32. Rf3 $142 Rxf3 33. Qxf3 Nxc3 34. Rf1 Ne2+ 35. Kh1) 32... Nxc3 33. g3 Rb1 0-1

[Event "BL 2016-17"]
[Site "Germany"]
[Date "2017.02.18"]
[Round "7.4"]
[White "Shytaj, Luca"]
[Black "Braga, Fernando"]
[Result "1-0"]
[WhiteElo "2452"]
[BlackElo "2414"]
[Annotator "TA"]
[PlyCount "47"]
[EventDate "2017.??.??"]
[EventType "team-tourn"]
[EventCountry "GER"]
[SourceTitle "playchess.com"]
[Source "ChessBase"]
[SourceQuality "1"]
[WhiteTeam "Speyer-Schwegenheim"]
[BlackTeam "Aufwärts Aachen"]

{[%evp 15,47,20,10,12,1,0,-4,-25,124,125,226,223,256,254,263,235,292,303,331,360,360,362,402,319,448,456,456,379,838,482,568,222,2255,2214]} 1. e4 e6 2. d4 d5 3. Nd2 Be7 4. Ngf3 Nf6 5. e5 Nfd7 6. Bd3 c5 7. c3 Nc6 8. O-O g5 {LiveBook: 349 Games} 9. Nb1 Qb6 {[%cal Rc5d4]} 10. dxc5 Nxc5 {The position is equal.} 11. Re1 Bd7 (11... h5 $11 {keeps the balance.}) 12. Bc2 $1 $16 ({But not} 12. Nxg5 $2 Bxg5 13. Bxg5 Qxb2 $19) 12... a5 (12... g4 $16 {was called for.}) 13. Nxg5 $18 Bxg5 14. Bxg5 Qxb2 15. Nd2 Qxc3 16. Rc1 Qa3 17. Bf6 Rf8 18. Bxh7 Na6 19. Bb1 Ncb4 (19... Rc8 $142 20. Re3 Qb4) 20. Re3 Qa4 21. Rb3 {Ne4! is the strong threat.} Rc8 $2 (21... Nc6 22. Rxb7 Qxd1+ 23. Rxd1 Bc8) 22. a3 Nc6 {[#]} 23. Rxb7 $2 (23. Rc4 $3 {[%mdl 512]} Nab4 {[#]} (23... dxc4 24. Ne4) 24. axb4 $1 {[%mdl 512]} axb4 25. h4) 23... Qxa3 $2 {[#]} (23... Qxd1+ 24. Rxd1 Nc5) 24. Nc4 $1 {[%mdl 512]} 1-0

[Event "BL 2016-17"]
[Site "Germany"]
[Date "2017.02.18"]
[Round "7.5"]
[White "Goloshchapov, Alexander"]
[Black "Naiditsch, Arkadij"]
[Result "1/2-1/2"]
[WhiteElo "2585"]
[BlackElo "2702"]
[Annotator "RC RC RC RC"]
[PlyCount "89"]
[EventDate "2017.??.??"]
[EventType "team-tourn"]
[EventCountry "GER"]
[SourceTitle "playchess.com"]
[Source "ChessBase"]
[SourceQuality "1"]
[WhiteTeam "SG Trier"]
[BlackTeam "Baden-Baden"]
[TimeControl "40/6000+30:3000+30"]

1. d4 {[%emt 0:00:30]} Nf6 {[%emt 0:01:00]} 2. c4 {[%emt 0:00:00]} g6 {[%emt 0:00:00]} 3. Nf3 {[%emt 0:00:00]} Bg7 {[%emt 0:00:00]} 4. g3 {[%emt 0:00:00]} O-O {[%emt 0:00:30]} 5. Bg2 {[%emt 0:00:00]} d6 {[%emt 0:00:30]} 6. Nc3 {[%emt 0:00:30]} Nbd7 {[%emt 0:00:00]} 7. O-O {[%emt 0:00:30]} e5 {[%emt 0:00:00]} 8. e4 {[%emt 0:00:00]} Re8 {[%emt 0:00:00]} 9. h3 {[%emt 0:06:00]} exd4 {[%emt 0:06:00]} 10. Nxd4 {[%emt 0:00:00]} Nc5 {[%emt 0:00:00]} 11. Re1 {[%emt 0:00:00]} Bd7 {[%emt 0:00:00]} 12. Bf4 {[%emt 0:18:30]} h6 {[%emt 0:01:30]} 13. g4 {[%emt 0:12:30]} Nh7 {[%emt 0:03:30]} 14. Be3 {[%emt 0:04:30]} Ne6 {[%emt 0:15:30]} 15. Qd2 {[%emt 0:12:30]} Nxd4 {[%emt 0:07:30]} 16. Bxd4 {[%emt 0:00:30]} Bxd4 {[%emt 0:13:30]} 17. Qxd4 {[%emt 0:00:30]} Qf6 {[%emt 0:01:30]} 18. Qxf6 {[%emt 0:14:30]} Nxf6 {[%emt 0:00:30]} 19. c5 {[%emt 0:00:30]} dxc5 {[%emt 0:13:30]} 20. e5 {[%emt 0:00:30]} Nh7 {[%emt 0:00:30]} 21. Rad1 {[%emt 0:01:30]} Bc6 {[%emt 0:01:30]} 22. Bxc6 {[%emt 0:07:30]} bxc6 {[%emt 0:00:30]} 23. Ne4 {[%emt 0:00:30]} Rab8 {[%emt 0:08:30]} 24. b3 {[%emt 0:08:30]} Rb5 {[%emt 0:00:30]} 25. f4 {[%emt 0:01:30]} Rb4 {[%emt 0:22:07]} 26. Rd7 {[%emt 0:02:23]} c4 {[%emt 0:03:36]} 27. bxc4 {[%emt 0:01:43]} Rxc4 {[%emt 0:00:28]} 28. Re2 {[%emt 0:05:38]} g5 {[%emt 0:03:58]} 29. Rxc7 {[%emt 0:03:52]} gxf4 {[%emt 0:00:31]} 30. Nd6 {[%emt 0:01:01]} f3 {[%emt 0:04:31]} 31. Nxc4 {[%emt 0:03:30]} fxe2 {[%emt 0:00:08]} 32. Kf2 {[%emt 0:00:06]} Ng5 {[%emt 0:01:58]} 33. Kxe2 {[%emt 0:00:11]} Nxh3 {[%emt 0:00:11]} 34. Rxa7 {[%emt 0:01:19]} Rb8 {[%emt 0:00:35]} 35. Ke3 {[%emt 0:02:16]} Ng5 {[%emt 0:01:25]} 36. Rc7 {[%emt 0:01:38]} Ra8 {[%emt 0:00:42]} 37. a3 {[%emt 0:01:01]} Ra6 {[%emt 0:00:22]} 38. Kd3 {[%emt 0:01:15]} Ne6 {[%emt 0:00:26]} 39. Rc8+ {[%emt 0:00:42]} Kg7 {[%emt 0:00:03]} 40. Kc3 {[%emt 0:00:15]} c5 {[%emt 0:01:59]} 41. Kb3 {[%emt 0:16:10]} Nd4+ {[%emt 0:03:30]} 42. Kc3 {[%emt 0:00:30]} Ne6 {[%emt 0:00:30]} 43. Kb3 {[%emt 0:02:30]} Nd4+ {[%emt 0:03:30]} 44. Kc3 {[%emt 0:01:30]} Ne6 {[%emt 0:00:30]} 45. Kb3 {[%emt 0:00:30]} 1/2-1/2

[Event "BL 2016-17"]
[Site "Germany"]
[Date "2017.02.18"]
[Round "7.5"]
[White "Braun, Christian"]
[Black "Commercon, Simon"]
[Result "1-0"]
[WhiteElo "2354"]
[BlackElo "2290"]
[Annotator "ChessBase"]
[PlyCount "175"]
[EventDate "2017.??.??"]
[EventType "team-tourn"]
[EventCountry "GER"]
[SourceTitle "playchess.com"]
[Source "ChessBase"]
[SourceQuality "1"]
[WhiteTeam "Aufwärts Aachen"]
[BlackTeam "Speyer-Schwegenheim"]
[TimeControl "40/6000+30:3000+30"]

1. e4 {[%emt 0:00:30]} e5 {[%emt 0:01:00]} 2. Nf3 {[%emt 0:00:00]} Nc6 {[%emt 0:00:00]} 3. Bc4 {[%emt 0:00:00]} Nf6 {[%emt 0:00:00]} 4. d3 {[%emt 0:00:00]} Be7 {[%emt 0:01:30]} 5. O-O {[%emt 0:00:00]} O-O {[%emt 0:00:30]} 6. Nc3 {[%emt 0:00:30]} d6 {[%emt 0:01:30]} 7. a3 {[%emt 0:00:30]} Nd7 {[%emt 0:14:30]} 8. Ba2 {[%emt 0:02:30]} Nc5 {[%emt 0:00:30]} 9. Nd5 {[%emt 0:00:30]} Bg4 {[%emt 0:06:30]} 10. c3 {[%emt 0:02:30]} Ne6 {[%emt 0:00:30]} 11. Ne3 {[%emt 0:00:30]} Bh5 {[%emt 0:03:30]} 12. Nf5 {[%emt 0:03:30]} Bf6 {[%emt 0:10:30]} 13. Ng3 {[%emt 0:02:30]} Bg6 {[%emt 0:03:30]} 14. Be3 {[%emt 0:00:30]} Ng5 {[%emt 0:20:30]} 15. Nxg5 {[%emt 0:14:30]} Bxg5 {[%emt 0:00:00]} 16. Qg4 {[%emt 0:00:30]} Bf6 {[%emt 0:21:00]} 17. Nh5 {[%emt 0:07:30]} Bxh5 {[%emt 0:02:30]} 18. Qxh5 {[%emt 0:00:30]} Ne7 {[%emt 0:01:30]} 19. f4 {[%emt 0:01:30]} g6 {[%emt 0:02:53]} 20. Qh3 {[%emt 0:00:30]} d5 {[%emt 0:04:17]} 21. fxe5 {[%emt 0:02:30]} Bxe5 {[%emt 0:00:23]} 22. d4 {[%emt 0:01:30]} Bg7 {[%emt 0:00:21]} 23. Bg5 {[%emt 0:00:30]} dxe4 {[%emt 0:04:21]} 24. Rxf7 {[%emt 0:01:30]} Rxf7 {[%emt 0:00:32]} 25. Qe6 {[%emt 0:00:30]} Qe8 {[%emt 0:07:31]} 26. Bxe7 {[%emt 0:00:30]} Bf8 {[%emt 0:00:55]} 27. Rf1 {[%emt 0:10:30]} Qxe7 {[%emt 0:00:06]} 28. Qd5 {[%emt 0:04:30]} Rd8 {[%emt 0:02:55]} 29. Qxb7 {[%emt 0:00:30]} Qg5 {[%emt 0:00:39]} 30. Bxf7+ {[%emt 0:04:30]} Kh8 {[%emt 0:00:23]} 31. Qxe4 {[%emt 0:00:30]} Bd6 {[%emt 0:00:31]} 32. c4 {[%emt 0:03:30]} c5 {[%emt 0:00:34]} 33. Bd5 {[%emt 0:03:30]} cxd4 {[%emt 0:00:16]} 34. Qxd4+ {[%emt 0:00:30]} Be5 {[%emt 0:00:08]} 35. Qf2 {[%emt 0:02:30]} Qh6 {[%emt 0:00:06]} 36. g3 {[%emt 0:00:30]} Qg7 {[%emt 0:00:03]} 37. Qf7 {[%emt 0:00:30]} Bxb2 {[%emt 0:01:08]} 38. Qxg7+ {[%emt 0:00:30]} Kxg7 {[%emt 0:00:12]} 39. Rf7+ {[%emt 0:00:30]} Kh6 {[%emt 0:00:30]} 40. Kg2 {[%emt 0:00:30]} Bxa3 {[%emt 0:50:32]} 41. Rxa7 {[%emt 0:50:30]} Bc5 {[%emt 0:01:18]} 42. Rc7 {[%emt 0:00:00]} Bd6 {[%emt 0:00:50]} 43. Rf7 {[%emt 0:00:00]} Rb8 {[%emt 0:00:00]} 44. Bb7 {[%emt 0:00:00]} Re8 {[%emt 0:00:00]} 45. Rd7 {[%emt 0:00:00]} Bb4 {[%emt 0:00:00]} 46. Bd5 {[%emt 0:00:00]} Re7 {[%emt 0:00:00]} 47. Rd8 {[%emt 0:00:00]} Kg5 {[%emt 0:00:00]} 48. Kf3 {[%emt 0:00:00]} h5 {[%emt 0:00:00]} 49. h4+ {[%emt 0:00:00]} Kf6 {[%emt 0:00:00]} 50. Be4 {[%emt 0:00:00]} g5 {[%emt 0:00:00]} 51. hxg5+ {[%emt 0:00:00]} Kxg5 {[%emt 0:00:00]} 52. c5 {[%emt 0:00:00]} Kf6 {[%emt 0:00:00]} 53. c6 {[%emt 0:00:00]} Ba5 {[%emt 0:00:00]} 54. Rd5 {[%emt 0:00:00]} Re5 {[%emt 0:00:00]} 55. Rd6+ {[%emt 0:00:00]} Re6 {[%emt 0:00:00]} 56. Rd3 {[%emt 0:00:00]} Re5 {[%emt 0:00:00]} 57. Bd5 {[%emt 0:00:00]} Bc7 {[%emt 0:00:00]} 58. Kg2 {[%emt 0:00:00]} Rg5 {[%emt 0:00:00]} 59. Kh3 {[%emt 0:00:00]} Bxg3 {[%emt 0:00:00]} 60. Rf3+ {[%emt 0:00:00]} Ke7 {[%emt 0:03:09]} 61. Rf7+ {[%emt 0:00:00]} Ke8 {[%emt 0:01:39]} 62. Rd7 {[%emt 0:00:00]} Bf4 {[%emt 0:01:40]} 63. Bf7+ {[%emt 0:00:00]} Kf8 {[%emt 0:00:06]} 64. Be6 {[%emt 0:00:00]} Rg7 {[%emt 0:00:17]} 65. Rd5 {[%emt 0:00:00]} Ke7 {[%emt 0:00:54]} 66. Bf5 {[%emt 0:00:00]} Kf6 {[%emt 0:00:23]} 67. Bd7 {[%emt 0:00:00]} Rg5 {[%emt 0:00:36]} 68. Rd3 {[%emt 0:00:00]} Rc5 {[%emt 0:00:43]} 69. Kh4 {[%emt 0:00:00]} Ke5 {[%emt 0:00:32]} 70. Rd1 {[%emt 0:00:00]} Ke4 {[%emt 0:00:33]} 71. Bh3 {[%emt 0:00:00]} Kf3 {[%emt 0:00:47]} 72. Rf1+ {[%emt 0:00:00]} Ke3 {[%emt 0:00:25]} 73. Bg2 {[%emt 0:00:00]} Bc7 {[%emt 0:00:36]} 74. Rf7 {[%emt 0:00:00]} Bd8+ {[%emt 0:00:33]} 75. Kh3 {[%emt 0:00:00]} Ba5 {[%emt 0:00:18]} 76. Rd7 {[%emt 0:00:00]} Kf4 {[%emt 0:00:25]} 77. Rd3 {[%emt 0:00:00]} Ke5 {[%emt 0:00:33]} 78. Kh4 {[%emt 0:00:00]} Kf6 {[%emt 0:00:34]} 79. Rd1 {[%emt 0:00:00]} Ke6 {[%emt 0:00:41]} 80. Bf3 {[%emt 0:00:00]} Kf6 {[%emt 0:00:27]} 81. Rd6+ {[%emt 0:00:00]} Ke7 {[%emt 0:01:00]} 82. Rd7+ {[%emt 0:00:00]} Kf6 {[%emt 0:00:16]} 83. Rh7 {[%emt 0:00:00]} Be1+ {[%emt 0:00:13]} 84. Kh3 {[%emt 0:00:00]} Rc3 {[%emt 0:00:53]} 85. Kg2 {[%emt 0:00:00]} h4 {[%emt 0:00:08]} 86. c7 {[%emt 0:00:30]} Bg3 {[%emt 0:00:30]} 87. Bc6 {[%emt 0:00:00]} h3+ {[%emt 0:01:21]} 88. Rxh3 {[%emt 0:00:00]} 1-0

[Event "BL 2016-17"]
[Site "Germany"]
[Date "2017.02.18"]
[Round "7.6"]
[White "Movsesian, Sergei"]
[Black "Gonda, Laszlo"]
[Result "1-0"]
[WhiteElo "2679"]
[BlackElo "2487"]
[Annotator "TA"]
[PlyCount "113"]
[EventDate "2017.??.??"]
[EventType "team-tourn"]
[EventCountry "GER"]
[SourceTitle "playchess.com"]
[Source "ChessBase"]
[SourceQuality "1"]
[WhiteTeam "Baden-Baden"]
[BlackTeam "SG Trier"]

{[%evp 24,113,23,15,48,0,27,0,0,0,0,-25,-22,-22,-20,-24,-18,-39,0,-19,-17,-14,-8,-20,-15,-14,-7,-22,-18,-43,0,0,0,0,0,-11,0,0,0,0,0,0,0,0,0,-19,-15,-83,-50,-48,-37,-57,-57,-121,-94,-109,-104,-111,-64,-58,-22,-23,-21,-24,-24,-26,-26,-36,0,-8,-9,-22,0,0,0,0,0,-72,0,0,0,0,0,0,0,0,0,0,0,0,0,0]} 1. e4 e5 2. Nf3 Nc6 3. Bc4 Bc5 4. O-O Nf6 5. d3 O-O 6. c3 d6 7. h3 h6 8. Re1 a6 9. Bb3 Re8 10. Bc2 Ba7 11. Nbd2 Ne7 12. d4 Ng6 13. Nf1 {LiveBook: 4 Games} c5 14. d5 (14. dxe5 $14 {might be stronger.} dxe5 15. Ne3) 14... c4 15. b4 {White has an edge.} cxb3 16. axb3 b5 17. b4 Bd7 18. Ng3 Bb6 19. Bd3 Qc7 20. Bd2 Nf4 21. Bf1 a5 22. bxa5 Rxa5 23. Rxa5 Bxa5 24. Qb3 Rb8 25. Ra1 Bb6 26. Ra6 Bc8 27. Ra2 Bd7 28. Qb1 Bc5 29. Be1 N6h5 30. Nxh5 Nxh5 31. Rb2 Qc8 32. Kh2 ({Reject} 32. Bxb5 {[#]} Bxh3 $1 {[%mdl 512]} 33. Bf1 Rxb2 34. Qxb2 Qg4 $17) 32... f5 33. exf5 Bxf5 34. Qd1 Nf4 $36 {[%cal Bh5f4,Bf4g6,Bg6e7][%mdl 2080] Black is more active.} 35. Ng1 (35. Nd2 $11 {remains equal.}) 35... Qe8 {White must now prevent ...e4.} 36. g3 Ng6 37. Qf3 Ne7 38. Qd1 (38. Qe2 $15) 38... Be4 $17 39. Rd2 Qf7 {[%cal Re4d5]} 40. Bxb5 Rxb5 ({Better is} 40... Kh8 $17 {[%cal Re7d5]} 41. Qe2 Bxd5) 41. Qa4 $15 Rb1 42. Qxe4 Qf5 43. Qe2 e4 44. c4 Ng6 {And now ...Ne5 would win.} 45. Rb2 Rxb2 46. Qxb2 Ne5 47. Qe2 h5 48. Kg2 Nd3 49. h4 Bd4 50. Bd2 (50. f4 $11 {keeps the balance.}) 50... Bxf2 (50... Nxf2 $17 51. Bf4 Qg6) 51. Nh3 $1 $11 {[%cal Rh3f2] [#]The position is equal.} e3 $1 {[%mdl 512]} 52. Ng5 (52. Bxe3 Qe4+) 52... exd2 53. Qe8+ Qf8 54. Qe6+ Kh8 55. Qg6 {[%csl Gg5][%cal Rg6h7]} Ne1+ 56. Kh1 {[%csl Gg5][%cal Rg6h7] [#]} Qf3+ $1 {[%mdl 512]} 57. Nxf3 {[%mdl 32768] A strange result} 1-0

[Event "BL 2016-17"]
[Site "Germany"]
[Date "2017.02.18"]
[Round "7.6"]
[White "Mager, Denis"]
[Black "Van Foreest, Lucas"]
[Result "0-1"]
[WhiteElo "2320"]
[BlackElo "2453"]
[Annotator "TA"]
[PlyCount "45"]
[EventDate "2017.??.??"]
[EventType "team-tourn"]
[EventCountry "GER"]
[SourceTitle "playchess.com"]
[Source "ChessBase"]
[SourceQuality "1"]
[WhiteTeam "Speyer-Schwegenheim"]
[BlackTeam "Aufwärts Aachen"]

{[%evp 12,45,-70,-93,-76,-95,-98,-140,-141,-143,-146,-162,-134,-171,-189,-340,-326,-291,-322,-421,-420,-441,-367,-362,-368,-473,-462,-601,-579,-588,-486,-1102,-1587,-1506,-1471,-29996]} 1. c4 Nf6 2. Nc3 e6 3. e4 {??.} c5 {[%cal Bc7c5,Bc5d4][%mdl 32]} 4. Nf3 Nc6 5. e5 Ng4 6. Qe2 Qc7 7. Nb5 {[#]} Qb8 $1 8. d4 cxd4 9. Bf4 Bb4+ 10. Bd2 {aiming for Bxb4.} Bc5 {And now ...d3 would win.} 11. Qe4 f5 12. Qf4 O-O 13. Nbxd4 $2 {[#]} (13. h3 {was worth a try.} Ngxe5 14. Nbxd4) 13... Nxd4 $19 14. Nxd4 d6 15. h3 dxe5 16. Qf3 Nxf2 17. Qxf2 exd4 {[%cal Be5d4,Bd4d3][%mdl 32]} 18. Be2 Qd6 {Black is clearly winning.} 19. Qh4 d3 20. Bf3 Qe5+ 21. Kd1 (21. Kf1 $142 Qxb2 22. Qe1) 21... Qxb2 22. Rc1 Bd7 23. Ra1 0-1